Peru edutha kathakal (Record no. 141902)

MARC details
000 -LEADER
fixed length control field 00437nam a22001697a 4500
003 - CONTROL NUMBER IDENTIFIER
control field OSt
020 ## - INTERNATIONAL STANDARD BOOK NUMBER
International Standard Book Number 9788122611854
082 ## - DEWEY DECIMAL CLASSIFICATION NUMBER
Classification number 814
Item number SRE/PE
100 ## - MAIN ENTRY--PERSONAL NAME
Personal name Sreejith Perunthachan
245 ## - TITLE STATEMENT
Title Peru edutha kathakal
Remainder of title /പേര് എടുത്ത കഥകള്‍
260 ## - PUBLICATION, DISTRIBUTION, ETC. (IMPRINT)
Place of publication, distribution, etc Thrissur
Name of publisher, distributor, etc Current Books
Date of publication, distribution, etc 2014
300 ## - PHYSICAL DESCRIPTION
Extent 80p.
500 ## - GENERAL NOTE
General note Peru edutha kadhakal
546 ## - LANGUAGE
Language note Malayalam
650 ## - SUBJECT ADDED ENTRY--TOPICAL TERM
Topical term or geographic name as entry element Essays
942 ## - ADDED ENTRY ELEMENTS (KOHA)
Source of classification or shelving scheme Dewey Decimal Classification
Koha item type Books (General)
Holdings
Lost status Source of classification or shelving scheme Damaged status Not for loan Home library Current library Shelving location Date acquired Cost, normal purchase price Total Checkouts Full call number Barcode Date last seen Koha item type
  Dewey Decimal Classification     KAU Central Library, Thrissur KAU Central Library, Thrissur General 12/11/2015 65.00   814 SRE/PE 224646 12/11/2015 Books (General)
  Dewey Decimal Classification     KAU Central Library, Thrissur KAU Central Library, Thrissur General 03/12/2015 65.00   814 SRE/PE 225094 03/12/2015 Books (General)
Kerala Agricultural University Central Library
Thrissur-(Dt.), Kerala Pin:- 680656, India
Ph : (+91)(487) 2372219
E-mail: librarian@kau.in
Website: http://library.kau.in/